Mixed Word: '80s Bands Quiz Stats

 Plays Quiz Updated Oct 14, 2016

Also try: '80s Metal Bands
Challenge
Share
Tweet
Embed
Score 0/20 Timer 03:00
0 Plays Today
Band/Artist Answer % Correct
ONB VOJIBon Jovi
97.2%
DMAONNAMadonna
96.7%
KPNI OFYLDPink Floyd
95.8%
EEQNUQueen
94.6%
OISPONPoison
93.6%
LYIBL OEJLBilly Joel
93.5%
XSYTStyx
93.5%
MEIACATLLMetallica
90.6%
NME WOUTITH TAHSMen Without Hats
88.8%
WEN DERORNew Order
83.2%
Band/Artist Answer % Correct
HET ITHSSMThe Smiths
82.7%
IAR USYPPLAir Supply
81.8%
TLINGAK EAHDSTalking Heads
81.8%
EOVDDevo
81.2%
PCLIUB MYNEEPublic Enemy
76.7%
GGOREE MAELICHGeorge Michael
76.2%
RYGA UMANNGary Numan
69.8%
PCERINPrince
63.8%
AIMECLH SOJKANCMichael Jackson
61.2%
BDEILONBlondie
34.1%

You're not logged in!

Compare scores with friends on all Sporcle quizzes.
Join for Free
OR
Log In

You Might Also Like...

Show Comments

Extras

Top Quizzes Today


Score Distribution

Your Account Isn't Verified!

In order to create a playlist on Sporcle, you need to verify the email address you used during registration. Go to your Sporcle Settings to finish the process.

Report this User

Report this user for behavior that violates our Community Guidelines.

Details: